XIX uncu asır sazşairlerinden Hengâmî. (Record no. 45027)

MARC details
000 -LEADER
fixed length control field 00585cam a22002051 4500
001 - CONTROL NUMBER
control field ne 62000275
003 - CONTROL NUMBER IDENTIFIER
control field DLC
005 - DATE AND TIME OF LATEST TRANSACTION
control field 20260227111734.0
008 - FIXED-LENGTH DATA ELEMENTS--GENERAL INFORMATION
fixed length control field 890324s1933 tu 000 0 tur
010 ## - LIBRARY OF CONGRESS CONTROL NUMBER
LC control number ne 62000275
035 ## - SYSTEM CONTROL NUMBER
System control number (OCoLC)23569148
040 ## - CATALOGING SOURCE
Original cataloging agency DLC
Transcribing agency MiU
Modifying agency DLC
050 00 - LIBRARY OF CONGRESS CALL NUMBER
Classification number PL248.H4
Item number Z65
100 1# - MAIN ENTRY--PERSONAL NAME
Personal name Ergun, Sadettin Nüzhet.
245 00 - TITLE STATEMENT
Title XIX uncu asır sazşairlerinden Hengâmî.
246 3# - VARYING FORM OF TITLE
Title proper/short title Ondokuzuncu asır sazşairlerinden Hengâmî
260 ## - PUBLICATION, DISTRIBUTION, ETC.
Place of publication, distribution, etc. [İstanbul]
Name of publisher, distributor, etc. Sühulet Kütüpanesi
Date of publication, distribution, etc. [1933?]
300 ## - PHYSICAL DESCRIPTION
Extent 53 p.
Dimensions 20 cm.
650 #0 - SUBJECT ADDED ENTRY--TOPICAL TERM
Topical term or geographic name entry element Hengâmî, d 1873?

No items available.

Powered by Koha